Truyện cổ Raglai
v.v...
Đã lưu trong:
| Tác giả chính: | |
|---|---|
| Định dạng: | Sách |
| Năm xuất bản: |
H.
Dân trí
2010
|
| Chủ đề: | |
| Tags: |
Thêm thẻ
Không có thẻ, Hãy là người đầu tiên gắn thẻ bản ghi này!
|
| LEADER | 00595nam a2200169 4500 | ||
|---|---|---|---|
| 082 | |a 398.209597 |b CH100M | ||
| 100 | |a Chamaliaq Riya Tiẻng | ||
| 245 | |a Truyện cổ Raglai |c Chamaliaq Riya Tiẻng, Trần Kiêm Hoàng | ||
| 260 | |a H. |b Dân trí |c 2010 | ||
| 300 | |a 296 tr. |c 21 cm | ||
| 520 | |a v.v... | ||
| 653 | |a Truyện cổ tích Việt Nam | ||
| 653 | |a Dân tộc Raglai | ||
| 653 | |a Văn học dân gian | ||
| 942 | |2 ddc |c SH | ||
| 999 | |c 8057 |d 8057 | ||
| 952 | |0 0 |1 0 |2 ddc |4 0 |6 398_209597000000000_CH100M |7 0 |8 300 |9 69146 |a qbu |b qbu |c D2 |d 2015-03-31 |o 398.209597 CH100M |p 7983.c1 |r 0000-00-00 |w 2015-03-31 |y SH | ||